LEADER 01263nam a2200253 i 4500 001 000000103953 003 CaOOAMICUS 005 20220728145834.0 008 011023s1931 fr u000 u fre u 013 $a76135 040 $aSeMil$bita 100 1 $aLoth, Bernard.$0(OLS)http://semarc/name/871 245 10$aTable analytique /$cpar Bernard Loth ; précédée d'une lettre de le card. Casparri, d'un epilogue et d'un supplément. 264 3$aParis :$bBeauchesne,$c1931. 300 $aXXI, 492 col. ;$c30 cm 500 $aIl Supplemento contiene: Religion des Celtes / Dom Gougaud; Frères de l'instruction chretienne / Frère Archange; Monita secreta / Alexandre Brou; Rome et l'Italie / Yves de la Brière 700 1 $aGasparri, Pietro,$c.$0(OLS)http://semarc/name/4808 773 0 $tDictionnaire apologétique de la foi catholique.$dParis : Beauchesne$w()6743 850 $aSeMil 852 $aSeMil$W1$xVenegono$y1$mSL1.Q VII 20$j60400$B60400$CSeMilBibl$Z2$F44869 $8I 852 $aSeMil$W1$xVenegono$y1$m600 22 5 *$j233700$B242096$CSeMilBibl$Z2$F242096 $81 996 $6245$aTable analytique$9(OLS)http://semarc/title/150815 996 $6264$aParis :$bBeauchesne$9(OLS)http://semarc/publisher/29638 LEADER 01297nam a2200277 i 4500 001 000000115985 003 CaOOAMICUS 005 20030620000000.0 008 030620s1999 fr u000 u fre u 013 $a88674 020 $a2-13-049992-9 040 $aSeMil$bita 100 1 $a* Intestazione al titolo.$0(OLS)http://semarc/name/176 245 10$aDictionnaire d'histoire et philosophie des sciences /$cpublié sous la direction de Dominique Lecourt ; secrétaire de rédaction Thomas Bourgeois. 260 $aParis :$bPresses Universitaires de France,$c1999. 300 $a1032 p. ;$c25 cm. 650 4$aFilosofia della scienza.$0(OLS)http://semarc/subject/4333 650 4$aScienza - Storia.$0(OLS)http://semarc/subject/1196 700 1 $aBourgeois, Thomas.$0(OLS)http://semarc/name/48446 700 1 $aLecourt, Dominique.$0(OLS)http://semarc/name/34870 850 $aSeMil 852 $aSeMil$W1$xVenegono$y1$mSL1.M VI 16$j71470$B71470$CSeMilBibl$Z2$F75839 $8I 961 $aAcquisto: Librairie St. Paul-Siloë 996 $6020$a2-13-049992-9$9(OLS)http://semarc/number/99940 996 $6245$aDictionnaire d'histoire et philosophie des sciences$9(OLS)http://semarc/title/169982 996 $6260$aParis :$bPresses Universitaires de France$9(OLS)http://semarc/publisher/30047